ბათუმის შოთა რუსთაველის სახელმწიფო უნივერსიტეტის ბიბლიოთეკა

ბერძნული ლიტერატურა წ. 1 : (ბიბ.ჩანაწერი № 54712)

000 -ლიდერი
ფიქსირებული სიგრძის საკონტროლო ველი 01753nam a2200277Ia 4500
001 - საკონტროლო ნომერი
საკონტროლო ველი 21779
003 - საკონტროლო ნომრის იდენტიფიკატორი
საკონტროლო ველი GE_BSU
005 - ბოლო ოპერაციის თარიღი და დრო
საკონტროლო ველი 20220408163033.0
008 - ფიქსირებული სიგრძის მონაცემთა ელემენტები - ზოგადი ინფორმაცია
ფიქსირებული სიგრძის საკონტროლო ველი 181216s ||||ge |||||||||||||| ||geo||
020 ## - წიგნის საერთაშორისო სტანდარტული ნომერი
International Standard Book Number 9992865881
040 ## - კატალოგიზაციის წყარო
Transcribing agency GE_BSU
041 ## - ენის კოდი
Language code of text/sound track or separate title geo
080 ## - უნივერსალური ათობითი კლასიფიკაციის ინდექსი
Universal Decimal Classification number 821.14.09-21 გ-70
100 ## - მთავარი ჩანაწერი - პიროვნების სახელი
Personal name გორდეზიანი, რისმაგ
9 (RLIN) 3462
245 ## - ცნობა სათაურის შესახებ
Title ბერძნული ლიტერატურა წ. 1 :
Remainder of title ელინური ეპოქის ეპოსი, ლირიკა, დრამა /
Statement of responsibility, etc რისმაგ გორდეზიანი ; რედაქტორი ნანა ტონია.
264 ## - წარმოების, გამოცემის, დისტრიბუციის და სხვა ცნობები
გამოცემის, წარმოების, დისტრიბუციის... ადგილი თბილისი :
გამოცემის, წარმოების, დისტრიბუციის... სახელწოდება ლოგოსი,
გამოცემის, წარმოების, დისტრიბუციის... თარიღი 2002.
300 ## - ფიზიკური აღწერა
Extent 568 გვ. ;
Dimensions 27 სმ.
490 ## - სერიის ცნობა
Series statement პროგრამა ”ლოგოსი” პუბლიკაციები და ღონისძიებები კლასიკური ფილოლოგიის, ბიზანტინისტიკისა და ნეოგრეცისტიკის სფეროში
500 ## - ზოგადი შენიშვნა
General note საძიებელი გვ. : 540-565
653 ## - INDEX TERM--UNCONTROLLED
Uncontrolled term ბერძნული ლიტერატურა
700 ## - ADDED ENTRY--PERSONAL NAME
Personal name ტონია, ნანა
Dates associated with a name რედაქტორი
9 (RLIN) 13653
710 ## - ADDED ENTRY--CORPORATE NAME
Corporate name or jurisdiction name as entry element ივანე ჯავახიშვილის სახელობის თბილისის სახელმწიფო უნივერსიტეტი
9 (RLIN) 13654
710 ## - ADDED ENTRY--CORPORATE NAME
Corporate name or jurisdiction name as entry element კლასიკური ფილოლოგიის, ბიზანტინისტიკისა და ნეოგრეცისტიკის ინსტიტუტი
9 (RLIN) 13655
942 ## - ADDED ENTRY ELEMENTS (KOHA)
Koha item type წიგნი
Source of classification or shelving scheme
ეგზემპლარები
ჩამოწერის სტატუსი დაკარგული ეგზემპლარის სტატუსი კლასიფიკაციის წყარო ან თაროზე გაწყობის სქემა დაზიანების სტატუსი არ გაიცემა მუდმივი მდებარეობა (დაცვის ადგილი) ამჟამინდელი ადგილსამყოფელი თაროზე განთავსების ადგილი შეძენის თარიღი ღირებულება, შესყიდვის ნორმალური ფასი სრული შენახვის შიფრი შტრიხკოდი ბოლო ოპერაციის თარიღი ეგზემპლარის მიმდევრობითი ნომერი (კეტერი?) ფასის ძალაში შესვლის თარიღი ეგზემპლარის სახეობა საჯარო შენიშვნა
          ბათუმის შოთა რუსთაველის სახელმწიფო უნივერსიტეტის მთავარი ბიბლიოთეკა ბათუმის შოთა რუსთაველის სახელმწიფო უნივერსიტეტის მთავარი ბიბლიოთეკა წიგნსაცავი 2018-12-17 22.00 821.14.09-21 გ-70 56108 2018-12-17 56108 2018-12-17 წიგნი 22.00 ₾.